000 00384nam a2200181Ia 4500
005 20250423095333.0
008 250422s9999 xx 000 0 und d
020 _a9780645098
050 _aKP 116 .A3/
100 _aAderibigbe, M
245 0 _aFamliy law
250 _a1st ed.
260 _aLagos
260 _bGodas pub.
260 _c2004
300 _a228 p
942 _cBK
999 _c29967
_d29967